الفيزياء في الطبيعة (1) : (رقم التسجيلة. 71497)

تفاصيل مارك
000 -LEADER
fixed length control field 00668nam a22001937a 4500
005 - DATE AND TIME OF LATEST TRANSACTION
control field 20251108172136.0
008 - FIXED-LENGTH DATA ELEMENTS--GENERAL INFORMATION
fixed length control field 250721s1993 xx 000 0 ara d
082 14 - DEWEY DECIMAL CLASSIFICATION NUMBER
Classification number 551.2/تار
100 1# - MAIN ENTRY--PERSONAL NAME
Personal name تاراسون، ل . ق
Relator term تأليف
245 10 - TITLE STATEMENT
Title الفيزياء في الطبيعة (1) :
Remainder of title غروب الشمس , السراب , الضباب و الغيوم .......... /
264 1# - PRODUCTION, PUBLICATION, DISTRIBUTION, MANUFACTURE, AND COPYRIGHT NOTICE
Place of production, publication, distribution, manufacture بيروت :
Name of producer, publisher, distributor, manufacturer الدار العربية للعلوم،
Date of production, publication, distribution, manufacture, or copyright notice 1993.
300 ## - PHYSICAL DESCRIPTION
Extent 135ص
650 17 - SUBJECT ADDED ENTRY--TOPICAL TERM
Topical term or geographic name as entry element علم الأرض
650 17 - SUBJECT ADDED ENTRY--TOPICAL TERM
Topical term or geographic name as entry element الفيزياء
650 17 - SUBJECT ADDED ENTRY--TOPICAL TERM
Topical term or geographic name as entry element الظواهر الطبيعية
700 1# - ADDED ENTRY--PERSONAL NAME
Personal name حميد، حسن
Relator term ترجمة
942 ## - ADDED ENTRY ELEMENTS (KOHA)
Source of classification or shelving scheme Dewey Decimal Classification
Koha item type كتب
المقتنيات
حالة السحب حالة الفقدان مصدر التصنيف حالة التلف غير قابل للإعارة المكتبة الرئيسية المكتبة الحالية موقع الرف تاريخ التزويد الرقم المتسلسل Total Checkouts رقم الإستدعاء الباركود تاريخ آخر ظهور تاريخ الفاتورة نوع المادة (كوها)
    Dewey Decimal Classification     المكتبة المركزية المكتبة المركزية الإعارة 06/07/2004 630796   551.2/تار 630796 28/07/2025 06/07/2004 كتب
Implemented & Customized by: BBB with SCIT (Smart Chains for Information Technology)

Powered by Koha